000 00788nam a2200181Ia 4500
008 100920s9999 xx 000 0 und d
082 _b63799
_a61 0
100 _a---
245 _aमच्छिमारी अन्न व व्यापारासाठीं.
260 _bमुंबई सरकारच्या प्रसिध्दी खात्याकडून प्रकाशित.
_c0
300 _a16
_bसाधी
365 _b0
520 _aस्थानिक वाचन.
630 _aमच्छिमारी अन्न व व्यापारासाठीं.
650 _aस्थानिक वाचन.
730 _aमच्छिमारी अन्न व व्यापारासाठीं.
942 _cBOOK
999 _c706878
_d706875